Invasores extraterrestres = (Record no. 12928)

MARC details
000 -LEADER
fixed length control field 00922 a2200217 4500
001 - CONTROL NUMBER
control field sjds
003 - CONTROL NUMBER IDENTIFIER
control field sjds
005 - DATE AND TIME OF LATEST TRANSACTION
control field 20240802190801.0
008 - FIXED-LENGTH DATA ELEMENTS--GENERAL INFORMATION
fixed length control field 240802b |||||||| |||| 00| 0 spa d
020 ## - INTERNATIONAL STANDARD BOOK NUMBER
International Standard Book Number 9780974199276
040 ## - CATALOGING SOURCE
Transcribing agency sjds
041 ## - LANGUAGE CODE
Language code of text/sound track or separate title spa
100 ## - MAIN ENTRY--PERSONAL NAME
Personal name Cooper, Lynn Huggins
245 ## - TITLE STATEMENT
Title Invasores extraterrestres =
Remainder of title Alien invaders /
Statement of responsibility, etc.
246 ## - VARYING FORM OF TITLE
Title proper/short title Alien invaders
260 ## - PUBLICATION, DISTRIBUTION, ETC. (IMPRINT)
Place of publication, distribution, etc. McHenry, IL :
Name of publisher, distributor, etc. Raven Tree Press,
Date of publication, distribution, etc. [2008], c2005.
300 ## - PHYSICAL DESCRIPTION
Extent 32 pages :
Other physical details color illustrations ;
Dimensions 28 cm
500 ## - GENERAL NOTE
General note Summary : A boy describes the strange creatures that live in his garden, which his mother says are just bugs, but that he thinks may be invaders from another world.
700 ## - ADDED ENTRY--PERSONAL NAME
Personal name Leick, Bonnis
942 ## - ADDED ENTRY ELEMENTS (KOHA)
Koha item type Libro/Book
Holdings
Withdrawn status Lost status Damaged status Not for loan Home library Current library Date acquired Total Checkouts Total Renewals Barcode Checked out Date last seen Date checked out Price effective from Koha item type
        San Juan Del Sur -- Mobile Tortuga 23/07/2015 4 2 33002971 05/09/2024 01/08/2024 01/08/2024 23/07/2015 Libro/Book

Powered by Koha